[Event "Van Leeuwen Memorial 2nd"]
[Site "Ghent"]
[Date "2013.05.14"]
[Round "8"]
[White "Van de Wynkele, Eric"]
[Black "Van Haelst, Raymond"]
[Result "1-0"]
[WhiteElo "2008"]
[BlackElo "1816"]
[PlyCount "85"]
[EventDate "2013.03.26"]
[EventType "swiss"]
[EventRounds "9"]
[EventCountry "BEL"]
[SourceTitle "EXT 2014"]
[Source "ChessBase"]
[SourceDate "2013.11.20"]
[SourceVersion "1"]
[SourceVersionDate "2013.11.20"]
[SourceQuality "1"]

1. e4 e5 2. Nc3 Nf6 3. g3 Nc6 4. Bg2 Bb4 5. Nge2 0-0 6. 0-0 d6 7. h3 a6 8. Kh2 Bc5 9. d3 Ne8 10. g4 h5 11. gxh5 Qh4 12. Nd5 Bg4 13. f3 Bxh5 14. c3 f5 15. exf5 Rxf5 16. Ng3 Rf7 17. Ne4 Bg6 18. Bg5 Qh5 19. Qd2 Bxe4 20. fxe4 Nd8 21. b4 Ba7 22. h4 Ne6 23. Rxf7 Nxg5 24. Rf8+ Kxf8 25. Qxg5 Qxg5 26. hxg5 Kf7 27. Bh3 c6 28. Rf1+ Kg6 29. Ne7+ Kxg5 30. Rf8 Rb8 31. Rf7 g6 32. Nxc6 Bg1+ 33. Kxg1 bxc6 34. Ra7 Kf4 35. Kf2 c5 36. a3 cxb4 37. cxb4 Rb6 38. Ke2 Rc6 39. Rf7+ Kg3 40. Bd7 Rc2+ 41. Kd1 Rf2 42. Rxf2 Kxf2 43. Bxe8 1-0

[Event "Van Leeuwen Memorial 2nd"]
[Site "Ghent"]
[Date "2013.04.23"]
[Round "5"]
[White "Sterckx, Pieter"]
[Black "Van Haelst, Raymond"]
[Result "0-1"]
[WhiteElo "1705"]
[BlackElo "1816"]
[PlyCount "56"]
[EventDate "2013.03.26"]
[EventType "swiss"]
[EventRounds "9"]
[EventCountry "BEL"]
[SourceTitle "EXT 2014"]
[Source "ChessBase"]
[SourceDate "2013.11.20"]
[SourceVersion "1"]
[SourceVersionDate "2013.11.20"]
[SourceQuality "1"]

1. e4 c5 2. Nf3 e6 3. d4 cxd4 4. Nxd4 a6 5. Nc3 Qc7 6. Be2 Nc6 7. Be3 Nf6 8. Qd2 Bb4 9. Bf3 Ne5 10. Nde2 Nc4 11. Qc1 0-0 12. Bg5 Ne8 13. 0-0 Ne5 14. Bh5 f6 15. Bh4 g6 16. f4 Nc4 17. Bf3 b5 18. a4 Bc5+ 19. Kh1 b4 20. e5 bxc3 21. Bxa8 cxb2 22. Qb1 bxa1Q 23. Qxa1 fxe5 24. f5 Ne3 25. Rb1 Nxf5 26. Bg5 d5 27. c4 Nd4 28. Nc3 Qa7 0-1

[Event "Ghent VSF-chB"]
[Site "Ghent"]
[Date "2011.06.03"]
[Round "5"]
[White "Van Haelst, Raymond"]
[Black "Van de Wynkele, Eric"]
[Result "0-1"]
[WhiteElo "2040"]
[BlackElo "2084"]
[PlyCount "44"]
[EventDate "2011.06.02"]
[EventType "swiss"]
[EventRounds "7"]
[EventCountry "BEL"]
[SourceTitle "CBM 143 Extra"]
[Source "ChessBase"]
[SourceDate "2011.08.29"]
[SourceVersion "1"]
[SourceVersionDate "2011.08.29"]
[SourceQuality "1"]

1. d4 f5 2. Qd3 d5 3. g4 fxg4 4. h3 Nf6 5. hxg4 Bxg4 6. f3 Be6 7. Nh3 Qd7 8. Nf4 Bf5 9. Qb3 c5 10. dxc5 e5 11. Nd3 Nc6 12. c3 0-0-0 13. Bg5 e4 14. Nb4 Bxc5 15. Nxc6 Qxc6 16. fxe4 dxe4 17. Bg2 Qd6 18. c4 Rd7 19. Rh4 Rhd8 20. Na3 e3 21. Bd5 Qg3+ 22. Kd1 Qd6 0-1

[Event "Ghent VSF-chB"]
[Site "Ghent"]
[Date "2007.05.18"]
[Round "3"]
[White "Van Haelst, Raymond"]
[Black "Steen, Pieter"]
[Result "0-1"]
[WhiteElo "2118"]
[BlackElo "2167"]
[PlyCount "84"]
[EventDate "2007.05.17"]
[EventType "swiss"]
[EventRounds "7"]
[EventCountry "BEL"]
[SourceTitle "EXT 2009"]
[Source "ChessBase"]
[SourceDate "2008.11.26"]
[SourceVersion "1"]
[SourceVersionDate "2008.11.26"]
[SourceQuality "1"]

1. e4 c5 2. Nf3 d6 3. d3 Nc6 4. g3 g6 5. Bg2 Bg7 6. 0-0 e5 7. Nbd2 Nge7 8. Re1 0-0 9. a4 h6 10. Nc4 Be6 11. h3 f5 12. Qe2 Qd7 13. Kh2 Rf7 14. Bd2 Raf8 15. Ra3 fxe4 16. dxe4 Rxf3 17. Rxf3 Rxf3 18. Bxf3 Nd4 19. Qd1 Nxf3+ 20. Qxf3 Bxc4 21. Qg4 Be6 22. Qh4 g5 23. Qh5 Bf7 24. Qg4 Qxg4 25. hxg4 Nc6 26. Rd1 Be6 27. Be3 Bf8 28. f4 Bxg4 29. Rf1 exf4 30. gxf4 gxf4 31. Bxf4 Nd4 32. c3 Ne6 33. Bxh6 Bxh6 34. Rg1 Kf7 35. Rxg4 Bc1 36. Rg2 Ng5 37. Rc2 Bf4+ 38. Kg2 Ke6 39. b4 c4 40. a5 Be5 41. b5 Nxe4 42. a6 b6 0-1

[Event "BEL-chT 0203"]
[Site "Belgium"]
[Date "2003.01.26"]
[Round "7.7"]
[White "Van Haelst, Raymond"]
[Black "Dardha, Arben"]
[Result "0-1"]
[WhiteElo "2101"]
[BlackElo "2241"]
[PlyCount "130"]
[EventDate "2002.10.06"]
[EventType "team"]
[EventRounds "11"]
[EventCountry "BEL"]
[SourceTitle "EXT 2004"]
[Source "ChessBase"]
[SourceDate "2003.11.25"]
[SourceVersion "1"]
[SourceVersionDate "2003.11.25"]
[SourceQuality "1"]
[WhiteTeam "Gent II"]
[BlackTeam "Temse"]
[WhiteTeamCountry "BEL"]
[BlackTeamCountry "BEL"]

1. e4 c5 2. Nf3 Nc6 3. d3 Nf6 4. g3 d5 5. Nbd2 dxe4 6. dxe4 Bg4 7. h3 Bh5 8. Bg2 e5 9. 0-0 Be7 10. g4 Bg6 11. Qe2 Qc7 12. c3 0-0 13. Ne1 Nd8 14. Nc4 Ne6 15. Nd3 Bd6 16. a4 Nd7 17. b3 Nb6 18. Na3 c4 19. bxc4 Rfd8 20. c5 Nxc5 21. Nb5 Qe7 22. Nxc5 Bxc5 23. a5 Nc8 24. Be3 a6 25. Bxc5 Qxc5 26. Rfd1 Ne7 27. Rxd8+ Rxd8 28. Rd1 Rxd1+ 29. Qxd1 Nc6 30. Nd6 Nxa5 31. Nxb7 Nxb7 32. Qd7 h6 33. Qxb7 Qxc3 34. Qxa6 Bxe4 35. Bxe4 Qe1+ 36. Qf1 Qxe4 37. Qd1 Kh7 38. Kh2 Kg6 39. Qd6+ f6 40. Qd1 Qd4 41. Qc2+ e4 42. Kg2 Qd3 43. Qc8 Qf3+ 44. Kg1 Qf4 45. Qe8+ Kh7 46. Qd7 Qf3 47. Qe6 Qf4 48. Kg2 Qe5 49. Qd7 h5 50. Kf1 Kh6 51. Kg2 Qf4 52. gxh5 Qf3+ 53. Kg1 Qxh5 54. Qe6 Qd1+ 55. Kh2 Qf3 56. Kg1 Kg5 57. Qd7 g6 58. Qd5+ Kh4 59. Qd7 Kg5 60. Qe6 Qf5 61. Qb3 Kh4 62. Qg3+ Kh5 63. Qc3 Qf4 64. Qc8 Qf5 65. Qc3 Qf3 0-1